| 000 | 01089nam a2200325 a 4500 | ||
|---|---|---|---|
| 001 | 000003659 | ||
| 003 | OSt | ||
| 005 | 20260114113658.0 | ||
| 008 | 090713s2004 dr ac 001 0 spa d | ||
| 020 | _a847556187X | ||
| 040 |
_aDO-SdBNP _bspa _cBNPHU |
||
| 082 |
_a613.96 _bH657d |
||
| 100 | 1 |
_aHeiman, Julia R. _911218 |
|
| 245 | 1 | 0 |
_aDisfrutar el orgasmo : / _cJulia R. Heinman, Josepb Lopicolo; traducción Juanjo Estrella ; ilustración Carles Baró. |
| 250 | _a3a. ed. | ||
| 260 |
_aBarcelona : _bOceano, _c2004. |
||
| 300 |
_a339 p. : _bil. ; _c22 cm. |
||
| 500 | _auna guía para exploral la sexualidad femenina e incrementar el placer | ||
| 504 | _aIncluye referencias bibliográficas (p. 337-339) | ||
| 534 | _aBecoming orgasmic | ||
| 650 | 4 |
_aOrgasmo _911219 |
|
| 650 | 4 |
_aRealciones sexuales _911220 |
|
| 650 | 4 |
_aMujeres _xConducta sexual _911221 |
|
| 650 | 4 |
_aFantasias sexuales _911222 |
|
| 650 | 0 |
_aParejas _9802 |
|
| 650 | 4 |
_aSexo _xInvestigaciones _911223 |
|
| 700 | 1 |
_aEstrella, Juanjo _etrad. _910728 |
|
| 700 | 1 |
_aBaró, Carles _eil. _911224 |
|
| 942 |
_2ddc _cLBS1 |
||
| 999 |
_c3482 _d3482 |
||